Test your Bible knowledge / (Record no. 9450)

MARC details
000 -LEADER
fixed length control field 00864cam a2200277Ia 4500
001 - CONTROL NUMBER
control field 32359644
003 - CONTROL NUMBER IDENTIFIER
control field OCoLC
005 - DATE AND TIME OF LATEST TRANSACTION
control field 20241126110712.0
008 - FIXED-LENGTH DATA ELEMENTS--GENERAL INFORMATION
fixed length control field 950424r19951971ohu b 000 0 eng d
020 ## - INTERNATIONAL STANDARD BOOK NUMBER
International Standard Book Number 1557485410 :
Terms of availability $5.95
020 ## - INTERNATIONAL STANDARD BOOK NUMBER
International Standard Book Number 9781557485410
020 ## - INTERNATIONAL STANDARD BOOK NUMBER
International Standard Book Number 9788173621840
035 ## - SYSTEM CONTROL NUMBER
System control number (OCoLC)32359644
040 ## - CATALOGING SOURCE
Original cataloging agency SLC
Transcribing agency SLC
Modifying agency OCLCG
-- BAKER
-- OCLCA
-- CIRBC
050 #4 -
-- BS612
-- .S53 1995x
082 04 - DEWEY DECIMAL CLASSIFICATION NUMBER
Classification number 220.076
Edition information 20
Item number SHO
092 ## - LOCALLY ASSIGNED DEWEY CALL NUMBER (OCLC)
Classification number 220.076
Item number S55989
100 1# - MAIN ENTRY--PERSONAL NAME
Personal name Shoup, Carl S.
Fuller form of name (Carl Sumner),
Dates associated with a name 1902-2000.
9 (RLIN) 16485
245 10 - TITLE STATEMENT
Title Test your Bible knowledge /
Statement of responsibility, etc. Carl S. Shoup, with Carolyn S. Scott.
260 ## - PUBLICATION, DISTRIBUTION, ETC.
Place of publication, distribution, etc. Hyderabad :
Name of publisher, distributor, etc. GS Books,
Date of publication, distribution, etc. 2019
300 ## - PHYSICAL DESCRIPTION
Extent 239 p. ;
Dimensions 18 cm.
504 ## - BIBLIOGRAPHY, ETC. NOTE
Bibliography, etc. note Includes bibliographical references.
630 00 - SUBJECT ADDED ENTRY--UNIFORM TITLE
Uniform title Bible
Form subdivision Examinations, questions, etc.
9 (RLIN) 14393
700 1# - ADDED ENTRY--PERSONAL NAME
Personal name Scott, Carolyn S.
9 (RLIN) 16486
942 ## - ADDED ENTRY ELEMENTS (KOHA)
Source of classification or shelving scheme Dewey Decimal Classification
Koha item type Books
Koha issues (borrowed), all copies 2
Holdings
Withdrawn status Lost status Source of classification or shelving scheme Damaged status Not for loan Home library Current Library Shelving location Date acquired Total checkouts Total renewals Full call number Barcode Date last seen Date last checked out Copy number Price effective from Koha item type
    Dewey Decimal Classification     GRACE BIBLE COLLEGE GRACE BIBLE COLLEGE Biblical Studies 2022-12-13 2 1 220.076 SHO 015946 2025-05-01 2024-02-17 c.1 2022-12-13 Books
© Grace Bible College Library 2025